000 00611nam a22001697a 4500
003 MACL
005 20150913132807.0
008 150913b xxu||||| |||| 00| 0 eng d
040 _cMACL
041 _aHindi
082 _a741.642
100 _4335/4
_aइंदुरख्या,मुकेश
_910660
245 _aअग्नि/उपवन के पल्लव/हम और हमारी पुलिस/पाला
260 _aजबलपुर
_bबिंदिया पब्लिकेशन्स
_c2008
650 _aचिल्ड्रन बुक्स
_9343
942 _2ddc
_cHIN
999 _c50296
_d50296